000 00821nab a2200241 u 4500
001 12947
003 HDC
007 cr bn ---aaaaa
008 210211c my dr|nes 0 eng d
040 _aHDC
245 0 _aMalaysian astronaut starts Aladdin, Malaysia's halal competitor to Amazon and Alibaba
260 _a[no place] :
_b[publisher not identified],
_c[no year]
336 _atext
_2rdacontent
337 _acomputer
_2rdamedia
338 _aonline resource
_2rdacarrier
650 _aE-commerce
_92390
650 _aHalal platform
_913752
710 _aIntellasia.net
856 _zRequest full-text at [email protected]
942 _2lcc
942 _cNEWS
942 _kNWSO 002764
999 _c10263
_d10263